[Event "USA-ch16 prel 03 corr0204"]
[Site "USA"]
[Date "2002.09.03"]
[Round "?"]
[White "Biedermann, Thomas"]
[Black "Bissonnette, Normand"]
[Result "1-0"]
[WhiteElo "2326"]
[BlackElo "2199"]
[PlyCount "107"]
[EventDate "2002.??.??"]
[EventType "tourn (corr)"]
[EventRounds "6"]
[EventCountry "USA"]
[SourceTitle "Corr 2006"]
[Source "ChessBase"]
[SourceDate "2006.04.01"]
[SourceVersion "3"]
[SourceVersionDate "2006.04.01"]
[SourceQuality "1"]

1. d4 Nf6 2. c4 e6 3. Nc3 d5 4. Bg5 Bb4 5. e3 Nc6 6. Nf3 h6 7. Bh4 g5 8. Bg3 Ne4 9. Qc2 h5 10. h3 Nxg3 11. fxg3 Qd6 12. Qf2 Bxc3+ 13. bxc3 Qa3 14. Qc2 Qd6 15. Kf2 h4 16. g4 Bd7 17. cxd5 exd5 18. e4 dxe4 19. Qxe4+ Kf8 20. Bc4 Na5 21. Bb3 Qg3+ 22. Kf1 c6 23. Qe5 Qxe5 24. dxe5 Nxb3 25. axb3 Be6 26. Kf2 Rg8 27. c4 Ke7 28. Rhd1 a5 29. Rd6 a4 30. bxa4 Bxc4 31. Nd4 Rgb8 32. g3 hxg3+ 33. Kxg3 Bd5 34. a5 Ra6 35. h4 gxh4+ 36. Kxh4 b5 37. Kg5 b4 38. Nf5+ Ke8 39. Kf6 b3 40. g5 b2 41. Rb1 Raa8 42. g6 fxg6 43. e6 Ra7 44. e7 Rxe7 45. Nxe7 Be4 46. Nxc6 Bxb1 47. Nxb8 Bf5 48. Na6 Bd7 49. Nc7+ Kd8 50. Ne6+ Kc8 51. Rb6 b1Q 52. Rxb1 Bc6 53. a6 Bd5 54. a7 1-0

[Event "USA-ch16 prel 03 corr0204"]
[Site "USA"]
[Date "2002.09.03"]
[Round "?"]
[White "Bissonnette, Normand"]
[Black "Flowers, Brian"]
[Result "1-0"]
[WhiteElo "2199"]
[BlackElo "2114"]
[PlyCount "105"]
[EventDate "2002.??.??"]
[EventType "tourn (corr)"]
[EventRounds "6"]
[EventCountry "USA"]
[SourceTitle "Corr 2006"]
[Source "ChessBase"]
[SourceDate "2006.04.01"]
[SourceVersion "3"]
[SourceVersionDate "2006.04.01"]
[SourceQuality "1"]

1. e4 d6 2. d4 Nf6 3. Nc3 g6 4. Nf3 Bg7 5. Be2 0-0 6. 0-0 Nbd7 7. Bf4 c6 8. Qd2 e5 9. Bg5 Qc7 10. a4 a5 11. Rfd1 Re8 12. dxe5 dxe5 13. Be3 Bf8 14. Ng5 Nc5 15. Bc4 Ne6 16. f3 Nxg5 17. Bxg5 Bc5+ 18. Kh1 Nh5 19. Ne2 Ng7 20. Bd8 Qb8 21. Bxa5 Qa7 22. Bc3 b5 23. axb5 Qxa1 24. Rxa1 Rxa1+ 25. Nc1 Bd4 26. Bxd4 Rd8 27. c3 cxb5 28. Qg5 Rd7 29. Bxb5 Ne6 30. Qd2 Nxd4 31. cxd4 Rc7 32. h3 Raxc1+ 33. Kh2 exd4 34. Qxd4 Be6 35. b4 R7c2 36. Qd8+ Kg7 37. f4 Rc8 38. Qd4+ Kg8 39. Ba6 Re8 40. f5 gxf5 41. exf5 Bc8 42. Bd3 Rce1 43. f6 R8e5 44. Qh4 h5 45. Qg3+ Kf8 46. Qg7+ Ke8 47. Qg8+ Kd7 48. Qxf7+ Kc6 49. Qc4+ Kd7 50. f7 Ke7 51. Bg6 Bd7 52. f8Q+ Kxf8 53. Qf7# 1-0

[Event "USA-ch16 prel 03 corr0204"]
[Site "USA"]
[Date "2002.09.03"]
[Round "?"]
[White "Lewis, James W"]
[Black "Bissonnette, Normand"]
[Result "1-0"]
[WhiteElo "2232"]
[BlackElo "2199"]
[PlyCount "75"]
[EventDate "2002.??.??"]
[EventType "tourn (corr)"]
[EventRounds "6"]
[EventCountry "USA"]
[SourceTitle "Corr 2006"]
[Source "ChessBase"]
[SourceDate "2006.04.01"]
[SourceVersion "3"]
[SourceVersionDate "2006.04.01"]
[SourceQuality "1"]

1. e4 e6 2. d4 d5 3. Nd2 Nf6 4. Bd3 c5 5. e5 c4 6. Bxc4 dxc4 7. exf6 Qxd4 8. Ngf3 Qd5 9. Qe2 gxf6 10. Nxc4 e5 11. b3 Nc6 12. Ne3 Qc5 13. Bb2 Be6 14. 0-0-0 Be7 15. Kb1 Rg8 16. Nh4 e4 17. f3 Qe5 18. g3 Qh5 19. Nef5 Bxf5 20. Qb5 Bg4 21. Qxb7 Rc8 22. fxg4 Qxg4 23. Rhe1 Rg5 24. Nf3 Nd8 25. Qxe4 Qxe4 26. Rxe4 Rf5 27. Rde1 Rc7 28. Nd4 Ra5 29. c4 Kf8 30. g4 Rd7 31. Nf5 Ne6 32. Nxe7 Kxe7 33. Rf1 Ra6 34. Bxf6+ Ke8 35. Rf2 Rd1+ 36. Kb2 Rad6 37. Bc3 Rd7 38. b4 1-0